Normal view
MARC view
- Fundamentals of Engineering Thermodynamics
Entry Topical Term
001 - CONTROL NUMBER
- control field: 114241
003 - CONTROL NUMBER IDENTIFIER
- control field: NUST
005 - DATE AND TIME OF LATEST TRANSACTION
- control field: 20230822141957.0
008 - FIXED-LENGTH DATA ELEMENTS
- fixed length control field: 230822|| aca||aabn | a|a d
040 ## - CATALOGING SOURCE
- Original cataloging agency: NUST
- Transcribing agency: NUST
150 ## - HEADING--TOPICAL TERM
- Topical term or geographic name entry element: Fundamentals of Engineering Thermodynamics
670 ## - SOURCE DATA FOUND
- Source citation: Work cat.: (NUST): Moran, Michael J, Fundamentals of Engineering Thermodynamics, 2004.
